000 00915cam a22002897a 4500
003 CHAP
005 20220329141044.0
008 971013s1995 r 00010 d
010 _a61976
011 _a62948
035 _a67124
040 _cCHAP
082 _a338.82
_bD3
100 0 0 _aDagnino Pastore, José María.
_930885
245 1 3 _aEl nuevo look de la economía Argentina
260 _aAvellaneda, Argentina :
_bCrespillo,
_c1995
300 _a220 p.
_b: gráfs.
590 _aBATCH-UPD
_b10
_c20130110
_lUCH01
_h1733
590 _aBATCH-UPD
_b10
_c20130410
_lUCH01
_h1114
590 _aBATCH-UPD
_b10
_c20130914
_lUCH01
_h0358
590 _aCONVERSION
_b10
_c20130109
_lUCH01
_h1333
650 1 4 _aArgentina
_xCondiciones económicas.
_96985
650 1 4 _aPolítica económica
_xArgentina.
_990492
901 _aBK
942 _cLIBRO
949 _a338.82 D3
_bBC
_cLIBRO
_d33724000630026
_eLIBRO
_h91486
_i67124
_si
999 _c61976
_d61976